LEADER 01309nam a2200313 a 4500 001 000000140087 003 CaOOAMICUS 005 20141020125811.0 008 141020s1988 it u000 u ita r 020 $a88-7828-023-2 040 $aPUL$bita 041 1 $aita$hfre 082 04$a613.9 100 1 $aFlandrin, Jean Louis.$0(OLS)http://pul/name/90340 240 10$aÉglise et le contrôle des naissances.$lItaliano.$0(OLS)http://pul/title/177335 245 13$aLa Chiesa e il controllo delle nascite /$cJean-Louis Flandrin. 260 $aBologna :$bTranseuropa,$c1988. 300 $a155 p. ;$c22 cm 490 1 $aPercorsi storie culture mentalità 650 4$aContraccezione$xChiesa cattolica.$0(OLS)http://pul/subject/40801 830 0$aPercorsi storie culture mentalità.$0(OLS)http://pul/title/177336 850 $aPUL 852 $aPUL$W1$xDP2 Cons. Gen., Altre Classi 3$y97$m613. 9 FLAJE 1$j161823$qDDC 21$B161266$CPULBib$Z2$F161266 $H124770 $82 941 1 $a9 996 $6020$a88-7828-023-2$9(OLS)http://pul/number/156156 996 $6082$a613.9$9(OLS)http://pul/classification/2711 996 $6245$aLa Chiesa e il controllo delle nascite$9(OLS)http://pul/title/177334 996 $6260$aBologna :$bTranseuropa$9(OLS)http://pul/publisher/82925 LEADER 01319nam a2200289 u 4500 001 000000065511 003 CaOOAMICUS 005 20070226121455.0 008 011207s1996 it u000 u ita u 035 $a10913269 040 $aPUL(R)$bita 100 1 $aRosmini Serbati, Antonio,$cI.D.C.,$d1797-1855.$0(OLS)http://pul/name/586 245 10$aDelle cinque piaghe della Santa Chiesa /$cAntonio Rosmini ; testo ricostruito nella forma ultima voluta dall'autore con saggio introduttivo e note di Nunzio Galantino. 260 $aCinisello Balsamo :$bSan Paolo,$cc1997. 300 $a501 p. ;$c20 cm 490 1 $aClassici del pensiero cristiano ;$v12 500 $aComprende indici. 504 $aBibliografia in nota. 650 4$aChiesa.$0(OLS)http://pul/subject/2116 700 1 $aGalantino, Nunzio,$cvesc. di Cassano allo Jonio,$d1948-$0(OLS)http://pul/name/699 830 0$aClassici del pensiero cristiano ;$v12.$0(OLS)http://pul/title/69849 850 $aPUL 852 $aPUL$W1$xSL Filosofia 1$y2$m92 A 35$j84804$nBK-PRI$b $qStampati$B84804$CPULBib$Z2$F84804 $H $81 941 1 $a8 961 $aINV: 76373 996 $6245$aDelle cinque piaghe della Santa Chiesa$9(OLS)http://pul/title/87127 996 $6260$aCinisello Balsamo :$bSan Paolo$9(OLS)http://pul/publisher/54577